Star Wars: All Clones by Picture - Statistics

General Stats
  • This quiz has been taken 214 times
    11 since last reset
  • The average score is 36 of 202
Answer Stats
Picture Answer % Correct
Boba Fett
91%
CC-2224 | Cody
91%
CT-9904 | Crosshair
91%
CC-1010 | Fox
82%
Clone 99
82%
CT-1409 | Echo
82%
CT-5597 | Jesse
82%
CT-6116 | Kix
82%
CT-7567 | Rex
82%
CT-9901 | Hunter
82%
CT-9902 | Tech
82%
CC-1004 | Gree
73%
CC-3636 | Wolffe
73%
CC-5052 | Bly
73%
CT-5555 | Fives
73%
CT-9903 | Wrecker
73%
Omega
73%
CC-1119 | Appo
64%
CC-1138 | Bacara
64%
CC-5576-39 | Gregor
64%
CC-8826 | Neyo
64%
CT-5385 | Tup
64%
CT-782 | Hevy
64%
Doom
64%
Thorn
64%
Waxer
64%
CT-0292 | Vaughn
55%
Hardcase
55%
Howzer
55%
Boil
45%
CC-1993 | Jet
45%
Colt
45%
Cut Lawquane
45%
Denal
45%
Dogma
45%
Hawk
45%
Keeli
45%
RC-1138 | Boss
45%
RC-1140 | Fixer
45%
RC-1207 | Sev
45%
RC-1262 | Scorch
45%
Warthog
45%
Blitz
36%
CC-2237 | Davijaan
36%
CT-411 | Ponds
36%
Goji
36%
Hammer
36%
Havoc
36%
Sister
36%
Blackout
27%
CC-10/994 | Grey
27%
Crys
27%
Deviss
27%
Hound
27%
Lock
27%
Mayday
27%
Trauma
27%
CC-4477 | Thire
18%
CT-4860 | Boost
18%
CT-6910 | Razor
18%
Emerie Karr
18%
Faie
18%
Fil
18%
Jek
18%
Mixer
18%
Monnk
18%
Sinker
18%
Trapper
18%
1174 | Whiplash
9%
AR-9771 | Airo
9%
Buzz
9%
Cameron
9%
Charger
9%
CT-0000/1010 | Fox
9%
CT-00-2010 | Droidbait
9%
CT-1284 | Spark
9%
CT-4040 | Cutup
9%
Draa
9%
Fireball
9%
Galle
9%
Hotshot
9%
Koho
9%
Longshot
9%
Matchstick
9%
Nax
9%
Niner
9%
Oz
9%
Redeye
9%
Ridge
9%
Ringo
9%
Rys
9%
Stew
9%
Axe
0%
Bel
0%
Bellow
0%
Big-Mouth
0%
Blink
0%
Broadside
0%
Cade
0%
CC-2201 | Bow
0%
CC-2357 | Red
0%
CC-2801 | Tacks
0%
CC-5869 | Stone
0%
Cesar
0%
Charger
0%
Charlie
0%
Chopper
0%
Clone X | Sniper X
0%
Cole
0%
Comet
0%
Corvis
0%
Crag
0%
Crasher
0%
Crest
0%
CT-0409 | Slip
0%
CT-1020 | Drift
0%
CT-1127/549 | Sicko
0%
CT-1157 | Stance
0%
CT-1701 | Wildfire
0%
CT-3301 | Trick
0%
CT-4547 | Hawk
0%
CT-4981 | Contrail
0%
CT-55/11-9009 | Jag
0%
CT-9544 | Scythe
0%
Cub
0%
CX-1 | Sniper CloneX
0%
CX-2 | Sniper CloneX2
0%
Deckard
0%
Deke
0%
Ding
0%
Edge
0%
Engle
0%
Farmer
0%
Flash
0%
GC-1000 | Klick
0%
Gearshift
0%
Greer
0%
Gus
0%
Hank
0%
Havoc
0%
Hawkeye
0%
Heater
0%
Hexx
0%
Hilo
0%
Hound
0%
Jax
0%
Jester
0%
Jumpy
0%
Kaylon
0%
Kickback
0%
Kicker
0%
Killer
0%
Knack
0%
Kosmos
0%
Lassar | Jogan
0%
Lucky
0%
Mack
0%
Maximus
0%
Mixx
0%
Mox
0%
Nemec
0%
Nova
0%
Nub
0%
O'Niner
0%
Ox
0%
Pax
0%
Peel
0%
Pickaxe
0%
Pulsar
0%
Punch
0%
Racetrack
0%
Remo
0%
Rice
0%
Rod
0%
Samson
0%
Silver
0%
Sketch
0%
Slammer
0%
Slick
0%
Slider
0%
Slim
0%
Soot
0%
Stacks
0%
Stak
0%
Stak
0%
Sterling
0%
Stony
0%
Stub
0%
Styles
0%
Swoop
0%
Sync
0%
Tag
0%
Trap
0%
Tucker
0%
Twitch
0%
TX-828 | Torrent
0%
Veetch
0%
Vik
0%
Wilco
0%
Wooley
0%
Wyler
0%
Zak
0%
No matching quizzes found
Score Distribution
Percent of People with Each Score
Percentile by Number Answered
Your Score History
You have not taken this quiz since the last reset